[Event "Chennai Murali Mohan Memorial 2nd"]
[Site "Chennai"]
[Date "2023.07.15"]
[Round "5"]
[White "Saisarvesh, S."]
[Black "Akkarakaran, John Veny"]
[Result "0-1"]
[WhiteElo "1639"]
[BlackElo "2075"]
[PlyCount "92"]
[EventDate "2023.07.15"]
[EventType "swiss (rapid)"]
[EventRounds "9"]
[EventCountry "IND"]
[SourceTitle "CBM 215 Extra"]
[Source "ChessBase"]
[SourceDate "2023.09.30"]
[SourceVersion "1"]
[SourceVersionDate "2023.09.30"]
[SourceQuality "1"]

1. e4 e6 2. d4 d5 3. exd5 exd5 4. Bd3 c5 5. Nf3 c4 6. Be2 Nf6 7. 0-0 Bd6 8. c3 Nc6 9. b3 cxb3 10. axb3 0-0 11. Bd3 Bg4 12. Bg5 h6 13. Bh4 g5 14. Bg3 Re8 15. Nbd2 Ne4 16. Qc2 f5 17. Bxd6 Qxd6 18. h3 Bh5 19. Rfe1 Rac8 20. Qb2 a6 21. c4 Nb4 22. Bxe4 dxe4 23. Ne5 Rcd8 24. g4 Qxd4 25. Qxd4 Rxd4 26. gxh5 Nc2 27. Ndf3 Rdd8 28. Ng6 Nxa1 29. Nfe5 Nxb3 30. Rb1 Nc5 31. Rb6 Nd3 32. f4 gxf4 33. Rxb7 Nxe5 34. Ne7+ Rxe7 35. Rxe7 Nxc4 36. Rc7 Rd4 37. Kf2 Ne5 38. Ra7 Rd2+ 39. Ke1 Nf3+ 40. Kf1 e3 41. Ra8+ Kf7 42. Ra7+ Ke8 43. Ra8+ Kd7 44. Ra7+ Kc8 45. Ra8+ Kb7 46. Ra7+ Kxa7 0-1